• 首页
  • 本馆介绍
  • 公告通知
  • 最新文献
  • 馆藏检索
  • 电子资源
  • 读者导购
  • 参考咨询
  • 我的图书馆
  • 登录
  • 详细信息显示
  • 放入我的书架
  • 预约/预借图书
  • 作者相关作品
  • 分类相关作品
  • 丛书相关作品
  • 出版社相关作品

书目信息

  • 表格格式
  • 工作单格式
  • 卡片格式
题名:
教育经济学
    
 
作者: 靳希斌 编著
分册:  
出版信息: 沈阳   辽宁大学出版社  2000
页数: 433页
开本: 20cm
丛书名:
单 册:
中图分类: G40-054
科图分类: 38.1038
主题词: 教育经济学
电子资源:
ISBN: 7-5610-4056-3
000 00613nam0 2200229 45
001 0197028795
005 20070721092440.68
010    @a7-5610-4056-3@dCNY18.00
100    @a19970912d2000 y0chiy0121 ea
101 0  @achi
102    @aCN@b210000
105    @ay z 000yy
200 10 @a教育经济学@Ajiao yu jing ji xue@f靳希斌编著
210    @a沈阳@c辽宁大学出版社@d2000
215    @a433页@d20cm
300    @a全国高等教育自学考试指定教材
606    @a教育经济学
690    @aG40-054@v3
692    @a38.1038@v2
701  0 @a靳希斌@Ajin xi bin@4编著
801  0 @aCN@bTSSF@c20070721
905    @a10447@dG40-054@e408
    
    教育经济学/靳希斌编著.-沈阳:辽宁大学出版社,2000
    433页;20cm
    全国高等教育自学考试指定教材
    
    ISBN 7-5610-4056-3:CNY18.00
    
●
相关链接 在E读中查询图书 在五车中查询图书 在当当中查询图书 在豆瓣中查询图书


正题名:教育经济学     索取号:G40-054/408         预约/预借

序号 登录号 条形码 馆藏地/架位号 状态 备注
1 0769706   207697063   第一样本阅览室/ [索取号:G40-054/408] 在馆    
唐山师范学院图书馆 欢迎您!
大连网信软件有限公司© 版权所有